<?xml version="1.0" encoding="UTF-8"?>
<collection xmlns="http://www.loc.gov/MARC21/slim">
 <record>
  <leader>01388nam a2200193Ia 4500</leader>
  <controlfield tag="001">CTU_176244</controlfield>
  <controlfield tag="008">210402s9999    xx            000 0 und d</controlfield>
  <datafield tag="020" ind1=" " ind2=" ">
   <subfield code="c">65000</subfield>
  </datafield>
  <datafield tag="082" ind1=" " ind2=" ">
   <subfield code="a">658.812</subfield>
  </datafield>
  <datafield tag="082" ind1=" " ind2=" ">
   <subfield code="b">K600</subfield>
  </datafield>
  <datafield tag="245" ind1=" " ind2="0">
   <subfield code="a">Kỹ năng nghiệp vụ khách hàng</subfield>
  </datafield>
  <datafield tag="245" ind1=" " ind2="0">
   <subfield code="c">Biên soạn Nguyễn Đức Lân, Phạm Thị Thoa</subfield>
  </datafield>
  <datafield tag="260" ind1=" " ind2=" ">
   <subfield code="a">Hà Nội</subfield>
  </datafield>
  <datafield tag="260" ind1=" " ind2=" ">
   <subfield code="b">Lao động Xã hội</subfield>
  </datafield>
  <datafield tag="260" ind1=" " ind2=" ">
   <subfield code="c">2008</subfield>
  </datafield>
  <datafield tag="520" ind1=" " ind2=" ">
   <subfield code="a">Nội dung của bộ sách giúp nâng cao chất lượng trong việc giao tiếp với khách hàng. Giới thiệu các kỹ năng cũng như nghiệp vụ khách hàng: Làm tốt công việc chuẩn bị trước khi giao dịch ; Quản lý tốt mục tiêu khách hàng của bạn ; Sách lược chủ động tấn công trong giao tiếp ; Kỹ năng ứng đối với khách hàng có hiệu quả ; Giữ sự hỗ trợ tốt cho khách hàng ; Chuẩn bị nắm bắt tâm tư khách hàng ; Một số vấn đề đáng được chú ý đặc biệt và Làm tốt các kênh giao tiếp ngoài nghiệp vụ</subfield>
  </datafield>
  <datafield tag="650" ind1=" " ind2=" ">
   <subfield code="a">Customer relations,Quan hệ khách hàng,Sales management,Quản lý bán hàng</subfield>
  </datafield>
  <datafield tag="904" ind1=" " ind2=" ">
   <subfield code="i">Trọng Hiếu</subfield>
  </datafield>
  <datafield tag="980" ind1=" " ind2=" ">
   <subfield code="a">Trung tâm Học liệu Trường Đại học Cần Thơ</subfield>
  </datafield>
 </record>
</collection>
